Modificaciones al Código del Trabajo, ley N§19.759
Saved in:
| Main Authors: | , |
|---|---|
| 其他作者: | |
| 格式: | 圖書 |
| 語言: | 西班牙语 |
| 出版: |
Santiago
Colegio de Abogados
2001
|
| 主題: | |
| 標簽: |
添加標簽
沒有標簽, 成為第一個標記此記錄!
|
MARC
| LEADER | 00000nam a2200000 a 4500 | ||
|---|---|---|---|
| 001 | UCM2175 | ||
| 003 | CL-VaPUC | ||
| 008 | 020425e20010000CL |||||||||||||||||spa|d | ||
| 082 | 0 | 4 | |a 344.01 |b WAL |2 21 |
| 100 | 0 | |a Walker Errázuriz, Francisco |e author |9 468930 | |
| 700 | |a Novoa Fuenzalida, Patricio |e autor |9 481778 | ||
| 700 | 0 | |a Tapia Guerrero, Francisco J |e author |9 468932 | |
| 245 | 1 | 0 | |a Modificaciones al Código del Trabajo, ley N§19.759 |
| 300 | |a 43 p | ||
| 942 | |c BK | ||
| 945 | |d 20020425 00:00:00 |a vberengu | ||
| 260 | |a Santiago |b Colegio de Abogados |c 2001 | ||
| 500 | |a Charlas efectuadas el martes 20 y jueves 22 de noviembre de 2001 | ||
| 500 | |a Incluye las siguientes charlas: | ||
| 500 | |a Modificaciones al derecho individual, I. Dictada por Francisco Walker Errázuriz | ||
| 500 | |a Modificaciones al derecho individual II. Dictada por Patricio Novoa Fuenzalida | ||
| 500 | |a Modificaciones al derecho sindical. Dictada por Francisco Tapia Guerrero | ||
| 650 | 7 | |a DERECHO LABORAL |2 CL-VaPUC |9 15 | |
| 650 | 7 | |a SINDICALISMO |2 CL-VaPUC |9 468933 | |
| 650 | 0 | |a Código del trabajo |9 255479 | |
| 583 | |a last modification |c 20020425 00:00:00 |k Rodrigo Vera | ||
| 999 | |c 300151 |d 300149 | ||
| 952 | |0 0 |1 0 |2 ddc |4 0 |6 344_010000000000000_WAL_2001 |7 0 |8 A |9 357514 |a BIBDER |b BIBDER |d 2019-11-21 |i 3809501 |o 344.01 WAL 2001 |p 3809501 |r 2023-01-25 |w 2019-11-21 |y MX |k DER | ||
| 952 | |0 0 |1 0 |2 ddc |4 0 |6 344_010000000000000_WAL_2001 |7 0 |8 A |9 357515 |a BIBDER |b BIBDER |d 2019-11-21 |i 380951K |o 344.01 WAL 2001 |p 380951K |r 2023-01-25 |w 2019-11-21 |y MX |k DER | ||